MARC details
| 000 -LEADER |
| fixed length control field |
03131cam a22004694a 4500 |
| 001 - CONTROL NUMBER |
| control field |
15705407 |
| 003 - CONTROL NUMBER IDENTIFIER |
| control field |
OSt |
| 005 - DATE AND TIME OF LATEST TRANSACTION |
| control field |
20240716123344.0 |
| 008 - FIXED-LENGTH DATA ELEMENTS--GENERAL INFORMATION |
| fixed length control field |
090420s2008 enk b 001 0 eng c |
| 010 ## - LIBRARY OF CONGRESS CONTROL NUMBER |
| LC control number |
2009417508 |
| 016 7# - NATIONAL BIBLIOGRAPHIC AGENCY CONTROL NUMBER |
| Record control number |
101481345 |
| Source |
DNLM |
| 020 ## - INTERNATIONAL STANDARD BOOK NUMBER |
| International Standard Book Number |
9780855986032 |
| 020 ## - INTERNATIONAL STANDARD BOOK NUMBER |
| International Standard Book Number |
0855986034 |
| 035 ## - SYSTEM CONTROL NUMBER |
| System control number |
(OCoLC)ocn227700443 |
| 040 ## - CATALOGING SOURCE |
| Original cataloging agency |
MUST LIB |
| Transcribing agency |
MUST |
| Modifying agency |
MUST |
| 042 ## - AUTHENTICATION CODE |
| Authentication code |
pcc |
| 050 00 - LIBRARY OF CONGRESS CALL NUMBER |
| Classification number |
RC606.6 |
| Item number |
.H568 2008 |
| 060 00 - NATIONAL LIBRARY OF MEDICINE CALL NUMBER |
| Classification number |
2008 J-068 |
| 060 10 - NATIONAL LIBRARY OF MEDICINE CALL NUMBER |
| Classification number |
WC 503 |
| Item number |
H6732 2008 |
| 082 ## - DEWEY DECIMAL CLASSIFICATION NUMBER |
| Edition number |
362.196 |
| Classification number |
22 |
| Item number |
HIV |
| 245 00 - TITLE STATEMENT |
| Title |
HIV and AIDS / |
| Statement of responsibility, etc. |
edited by Alice Welbourn ; with Joanna Hoare. |
| 260 ## - PUBLICATION, DISTRIBUTION, ETC. (IMPRINT) |
| Place of publication, distribution, etc. |
Oxford : |
| Name of publisher, distributor, etc. |
Oxfam ; |
| Place of publication, distribution, etc. |
Herndon, VA : |
| Name of publisher, distributor, etc. |
Available from Stylus Pub., |
| Date of publication, distribution, etc. |
2008. |
| 300 ## - PHYSICAL DESCRIPTION |
| Extent |
xxvi, 208 p. ; |
| Dimensions |
25 cm. |
| 490 1# - SERIES STATEMENT |
| Series statement |
Working in gender & development |
| 504 ## - BIBLIOGRAPHY, ETC. NOTE |
| Bibliography, etc |
Includes bibliographical references and index. |
| 505 00 - FORMATTED CONTENTS NOTE |
| Title |
HIV/AIDS, globalisation, and the international women's movement / |
| Statement of responsibility |
Sisonke Msimang -- |
| Title |
Challenges and opportunities for promoting the girl child's rights int he face of HIV/AIDS / |
| Statement of responsibility |
Mildred Tambudzai Mushunje -- |
| Title |
'I'm too young to die' : HIV, masculinity, danger, and desire in urban South Africa / |
| Statement of responsibility |
Shannon Walsh and Claudia Mitchell -- |
| Title |
A gendered response to HIV/AIDS in South Asia and the Pacific : insights from the pandemic in Africa / |
| Statement of responsibility |
Madhu Bala Nath -- |
| Title |
Safe motherhood in the time of AIDS : the illusion of reproductive 'choice' / |
| Statement of responsibility |
Carolyn Baylies -- |
| Title |
Diversifying gender : male to female transgender identities and HIV/AIDS programming in Phnom Penh, Cambodia / |
| Statement of responsibility |
Barbara Earth -- |
| Title |
Young men and HIV / |
| Statement of responsibility |
Doortje Braeken, Raoul Fransen, and Tim Shand -- |
| Title |
HIV-positive African women surviving in London : report of a qualitative study / |
| Statement of responsibility |
Lesley Doyal and Jane Anderson -- |
| Title |
Mitigating impacts of HIV/AIDS on rural livelihoods : NGO experiences in sub-Saharan Africa / |
| Statement of responsibility |
Joanna White and John Morton -- |
| Title |
Danger and the opportunity : responding to HIV with vision / |
| Statement of responsibility |
Kate Butcher and Alice Welbourn -- |
| Title |
'Mainstreaming' HIV in Papua New Guinea : putting gender equity first / |
| Statement of responsibility |
Janet Seeley and Kate Butcher -- |
| Title |
Advocacy training by the International Community of Women Living with HIV/AIDS / |
| Statement of responsibility |
The International Community of Women Living with HIV/AIDS. |
| 650 #0 - SUBJECT ADDED ENTRY--TOPICAL TERM |
| Topical term or geographic name as entry element |
AIDS (Disease) |
| General subdivision |
Social aspects. |
| 9 (RLIN) |
6869 |
| 650 12 - SUBJECT ADDED ENTRY--TOPICAL TERM |
| Topical term or geographic name as entry element |
Acquired Immunodeficiency Syndrome. |
| 9 (RLIN) |
2597 |
| 650 12 - SUBJECT ADDED ENTRY--TOPICAL TERM |
| Topical term or geographic name as entry element |
HIV Infections. |
| 9 (RLIN) |
2596 |
| 650 22 - SUBJECT ADDED ENTRY--TOPICAL TERM |
| Topical term or geographic name as entry element |
Gender Identity. |
| 9 (RLIN) |
6968 |
| 650 22 - SUBJECT ADDED ENTRY--TOPICAL TERM |
| Topical term or geographic name as entry element |
Health Policy. |
| 9 (RLIN) |
4725 |
| 650 22 - SUBJECT ADDED ENTRY--TOPICAL TERM |
| Topical term or geographic name as entry element |
Socioeconomic Factors. |
| 9 (RLIN) |
6874 |
| 700 1# - ADDED ENTRY--PERSONAL NAME |
| Personal name |
Welbourn, Alice. |
| 9 (RLIN) |
9545 |
| 710 2# - ADDED ENTRY--CORPORATE NAME |
| Corporate name or jurisdiction name as entry element |
Oxfam GB. |
| 9 (RLIN) |
7309 |
| 830 #0 - SERIES ADDED ENTRY--UNIFORM TITLE |
| Uniform title |
Working in gender & development. |
| 9 (RLIN) |
9546 |
| 856 42 - ELECTRONIC LOCATION AND ACCESS |
| Materials specified |
Contributor biographical information |
| Uniform Resource Identifier |
http://www.loc.gov/catdir/enhancements/fy1116/2009417508-b.html |
| 856 42 - ELECTRONIC LOCATION AND ACCESS |
| Materials specified |
Publisher description |
| Uniform Resource Identifier |
http://www.loc.gov/catdir/enhancements/fy1116/2009417508-d.html |
| 856 41 - ELECTRONIC LOCATION AND ACCESS |
| Materials specified |
Table of contents only |
| Uniform Resource Identifier |
http://www.loc.gov/catdir/enhancements/fy1116/2009417508-t.html |
| 906 ## - LOCAL DATA ELEMENT F, LDF (RLIN) |
| a |
7 |
| b |
cbc |
| c |
pccadap |
| d |
2 |
| e |
ncip |
| f |
20 |
| g |
y-gencatlg |
| 942 ## - ADDED ENTRY ELEMENTS (KOHA) |
| Source of classification or shelving scheme |
Dewey Decimal Classification |
| Koha item type |
Open Shelf |